Statistics for Single-A Baseball Locations With a Map

Click here to take the quiz!

General Stats

  • This quiz has been taken 10 times
  • The average score is 23 of 30

Answers on the Map

Answers color-coded by a green-red scale on the quiz's map according to % correct below.
 

Answer Stats

Major League AffiliateLocationTeam Name% Correct
Tampa Bay RaysCharlestonRiverDogs
100%
Kansas City RoyalsColumbiaFireflies
100%
Minnesota TwinsFort MyersMighty Mussels
100%
New York YankeesTampaTarpons
100%
Cincinnati RedsDaytonaTortugas
90%
Colorado RockiesFresnoGrizzlies
90%
Miami MarlinsJupiterHammerheads
90%
Chicago CubsMyrtle BeachPelicans
90%
St. Louis CardinalsPalm BeachCardinals
90%
San Francisco GiantsSan JoseGiants
90%
Oakland AthleticsStocktonPorts
90%
Atlanta BravesAugustaGreenJackets
80%
Milwaukee BrewersCarolinaMudcats
80%
Baltimore OriolesDelmarvaShorebirds
80%
Detroit TigersLakelandFlying Tigers
80%
Cleveland GuardiansLynchburgHillcats
80%
Pittsburgh PiratesBradentonMarauders
70%
Philadelphia PhilliesClearwaterThreshers
70%
Houston AstrosFayettevilleWoodpeckers
70%
Chicago White SoxKannapolisCannon Ballers
70%
Seattle MarinersModestoNuts
70%
Boston Red SoxSalemRed Sox
70%
Arizona DiamondbacksVisaliaRawhide
70%
Toronto Blue JaysDunedinBlue Jays
60%
Los Angeles DodgersRancho CucamongaQuakes
60%
New York MetsSt. LucieMets
60%
Texas RangersDown EastWood Ducks
50%
Washington NationalsFredericksburgNationals
50%
Los Angeles AngelsInland Empire66ers
30%
San Diego PadresLake ElsinoreStorm
30%

Score Distribution

Percentile by Number Answered

Percent of People with Each Score

Your Score History

You have not taken this quiz